Computer organization and design : the hardware/software interface /
Saved in:
| Main Author: | |
|---|---|
| Format: | Book |
| Language: | Vietnamese |
| Published: |
Elsevier/MorganKaufmann
2005
|
| Tags: |
Add Tag
No Tags, Be the first to tag this record!
|
| Institutions: | Mạng thư viện Đại học Đà Nẵng |
|---|
| LEADER | 00761nam a2200265 4500 | ||
|---|---|---|---|
| 001 | 000027145 | ||
| 003 | CI2 | ||
| 005 | 20150406120000.0 | ||
| 008 | 150406s vm 000 vie | ||
| 020 | |c 0,0000 | ||
| 040 | |a notts | ||
| 100 | |a Patterson, David A | ||
| 245 | |a Computer organization and design : the hardware/software interface / |c David A. Patterson, John L. Hennessy ; with a contribution by Peter J. Ashenden, James R. Larus, Daniel J. Sorin. | ||
| 260 | |b Elsevier/MorganKaufmann |c 2005 | ||
| OWN | |a LTT | ||
| 999 | |a From the UDN01 | ||
| TYP | |a Monograph | ||
| TYP | |a Printed language | ||
| 980 | |a Mạng thư viện Đại học Đà Nẵng | ||